000 00715nam a22000977a 4500
008 240530b ||||| |||| 00| 0 eng d
100 _aO'Keefe, Donna
245 _aPhilatelic Gems 3
260 _bLinn's
650 _aRare Stamps|Austria|Barbados|Bermuda|British Central Africa|British Guiana|Buenos Aires|Cameroon|Canada|Canal Zone|Cayman Islands|Chile|China|Colombia|Cook Islands|Czechoslovakia|Denmark|Faroes|Fiji|Finland|France|Germany|Gold Coast|Great Britain|Greece|Guatemala|Hawaii|Ireland|Isle of Man|Italy|Jamaica|japan|Jersey|Luzembourg|Netherlands|New Hebrides|Newfoundland|North Borneo|Rhodesia|Russia|St. Helena|St. vincent|Samoa|Straits Settlements|Swenden|Switzerlan|Trinidad|United States|Western Australia
999 _c3606
_d3606